• 首页
  • 本馆介绍
  • 公告通知
  • 最新文献
  • 馆藏检索
  • 电子资源
  • 读者导购
  • 参考咨询
  • 我的图书馆
  • 登录
  • 详细信息显示
  • 放入我的书架
  • 预约/预借图书
  • 作者相关作品
  • 分类相关作品
  • 丛书相关作品
  • 出版社相关作品

书目信息

  • 表格格式
  • 工作单格式
  • 卡片格式
题名:
图解美学
    
 
作者: 思贤 编
分册:  
出版信息: 北京   中国华侨出版社  2017
页数: 449页
开本: 25cm
丛书名:
单 册:
中图分类: B83-49
科图分类:
主题词: 美学--通俗读物
电子资源:
ISBN: 978-7-5113-6792-1
000 00867nam0 2200241 450
001 012001004295
005 20140928162349.0
010    @a978-7-5113-6792-1@dCNY68.00
100    @a20180412d2017 em y0chiy50 ea
101 0  @achi
102    @aCN@b110000
105    @aa z 000yy
106    @ar
200 1  @a图解美学@9tu jie mei xue@e彩图典藏版@f思贤编
210    @a北京@c中国华侨出版社@d2017
215    @a449页@d25cm
300    @a经典读本 理想藏书 精编精解 全彩读本
330    @a本书共分两篇,上篇“美学的故事”,收录了美学发展历程中最具代表性的人物和事件,讲述美学的发展历史,记录美学大师的人生历程,阐释美学的重要理论;下篇“生活中的美学”,从大众的视角阐述美学知识,讲解其在日常生活中的表现与应用。
606 0  @a美学@j通俗读物
690    @aB83-49@v5
701  0 @a思贤@9si xian@4编
801  0 @aCN@b上海新华@c20180901
905    @b1164701-5@dB83-49@e367@f5
    
    图解美学:彩图典藏版/思贤编.-北京:中国华侨出版社,2017
    449页;25cm
    经典读本 理想藏书 精编精解 全彩读本
    
    ISBN 978-7-5113-6792-1:CNY68.00
    本书共分两篇,上篇“美学的故事”,收录了美学发展历程中最具代表性的人物和事件,讲述美学的发展历史,记录美学大师的人生历程,阐释美学的重要理论;下篇“生活中的美学”,从大众的视角阐述美学知识,讲解其在日常生活中的表现与应用。
●
相关链接 在E读中查询图书 在五车中查询图书 在当当中查询图书 在豆瓣中查询图书


正题名:图解美学     索取号:B83-49/367         预约/预借

序号 登录号 条形码 馆藏地/架位号 状态 备注
1 1164701   211647011   第一样本阅览室/ [索取号:B83-49/367] 在馆    
2 1164702   211647020   第一借阅区/ [索取号:B83-49/367] 在馆    
3 1164703   211647039   第一借阅区/ [索取号:B83-49/367] 在馆    
4 1164704   211647048   第一借阅区/ [索取号:B83-49/367] 在馆    
5 1164705   211647057   第一借阅区/ [索取号:B83-49/367] 在馆    
唐山师范学院图书馆 欢迎您!
大连网信软件有限公司© 版权所有